000 00738nam a22002057a 4500
003 OSt
005 20250710082846.0
008 250710b |||||||| |||| 00| 0 eng d
020 _a9783895784477
040 _aDWCL - Main lib
_cOC
082 _aCirc. 658.404 A543t 2016
100 _aAndler, Nicolai
245 _aTools for project management, workshops and consulting :
_ba must have compendium of essential tools and techniques/
_cNicolai Andler
260 _a Erlangen, Germany :
_b Publicis Publishing,
_cc2016.
300 _a488 pages :
_b illustartions ;
_c25 cm.
504 _aIncludes bibliographical references.
650 _a1. Bussiness consultant.
650 _a2. Project management.
942 _2ddc
_cBK-CIRC
_kCirc.
_n0
999 _c3590
_d3590